Totálna syntéza prírodných 1,3-dihydroizobenzofuránov

Uložené v:
Podrobná bibliografia
Hlavný autor: Bartošová, Jana (Autor)
Ďalší autori: Koóš, Peter (Vedúci práce)
Médium: Rukopis Kniha
Jazyk:Slovak
Vydavateľské údaje: 2019
Predmet:
On-line prístup:http://is.stuba.sk/zp/portal_zp.pl?podrobnosti=142981
Tagy: Pridať tag
Žiadne tagy, Buďte prvý, kto otaguje tento záznam!

MARC

LEADER 00000ntm a22000003a 4500
001 stuzp74602
003 SK-STU
005 20190601211528.6
007 ta
008 150427s2015----xo-----f-mn---000-0-slo-d
040 |a STU  |b slo 
041 0 |a slo 
100 1 |a Bartošová, Jana  |u 048140  |k Z4  |4 aut  |U FCHPT Ústav organickej chémie, katalýzy a petrochémie  |T FCHPT Oddelenie organickej chémie  |X 76408  |U C8140  |Y 124  |7 76408 
242 0 1 |a Total synthesis of natural 1,3-dihydroisobenzofurans  |y eng 
245 1 0 |a Totálna syntéza prírodných 1,3-dihydroizobenzofuránov 
260 |c 2019 
650 4 |a 1,3-dihydrobenzofuránové deriváty  |2 slo 
650 4 |a cyklizácia  |2 slo 
650 4 |a Heck-ov ,,cross´´ kapling  |2 slo 
650 4 |a Grubbs-ova metatéza  |2 slo 
650 4 |a 1,3-dihydrobenzofurane derivatives  |2 eng 
650 4 |a cyclization  |2 eng 
650 4 |a Heck ,,cross´´ coupling  |2 eng 
650 4 |a Grubbs metathesis  |2 eng 
700 1 |a Koóš, Peter  |u 048140  |k Z1  |4 ths  |U FCHPT Ústav organickej chémie, katalýzy a petrochémie  |T FCHPT Oddelenie organickej chémie  |X 42566  |U C8140  |Y 124  |7 A000042566 
856 4 |u http://is.stuba.sk/zp/portal_zp.pl?podrobnosti=142981